| 000 | 02054nam0a2200373 4500 | ||
|---|---|---|---|
| 001 | RU\NLR\bibl\1121030 | ||
| 005 | 20260405163817.0 | ||
| 010 |
_a978-5-8114-0709-5 _92000 |
||
| 021 |
_aRU _b2007-47990 _92549 |
||
| 035 | _a(nilc)RSL-KNO-003148081 | ||
| 035 | _a(NLR Aleph) 001108004 | ||
| 090 |
_a1220111 _c1220111 |
||
| 100 | _a20070723d2007 |||y0rusy50 ca | ||
| 101 | 0 | _arus | |
| 102 | _aRU | ||
| 105 | _aa ||||||||| | ||
| 200 | 1 |
_aТеоретическая механика _eсборник заданий _eучебное пособие для студентов высших учебных заведений, обучающихся по направлению подготовки 150300 - "Прикладная механика", [635500 "Строительство", 551500 "Приборостроение"] _fВ.А. Диевский, И.А. Малышева |
|
| 210 |
_aСанкт-Петербург [и др.] _cЛань _d2007 |
||
| 215 |
_a190,[1] с. _cил. _d21 |
||
| 225 | 1 |
_aУчебники для вузов _iСпециальная литература |
|
| 313 | _aРешение задач | ||
| 320 | _aБиблиогр.: с. 188 | ||
| 606 | 1 |
_aТеоретическая механика _jУчебные издания для высших учебных заведений _xЗадачи _xРешение _91767442 _3RU\NLR\auth\661088187 |
|
| 610 | 0 | _aФизико-математические науки -- Механика -- Теоретическая механика -- Пособие по решению задач для высшей школы | |
| 686 |
_aВ23я73-41 _2rubbk |
||
| 686 | _aВ21я73-41 | ||
| 700 | 1 |
_4070 _8rus _7ca _aДиевский _bВ. А. _cканд. физ.-мат. наук _f1949- _gВиктор Алексеевич _3RU\NLR\auth\7769894 _952822 |
|
| 701 | 1 |
_aМалышева _bИ. А. _gИрина Аркадьевна _4070 |
|
| 801 | 0 |
_aRU _bРКП _c20070723 _grcr |
|
| 801 | 1 |
_aRU _bРГБ _c20070723 |
|
| 801 | 2 |
_aRU _bNLR _c20070827 _grcr |
|
| 942 | _cBOOK | ||
| 980 | _aNB | ||